000 00529nam a2200181Ia 4500
999 _c9005
_d9005
003 OSt
005 20201009130737.0
008 190216s9999||||xx |||||||||||||| ||und||
020 _a9788130004709
040 _coclc
082 _a005
_bSYN/D
100 _aSyndicate, IT Lokam Content
_94591
245 0 _a14 Divasam Kondu Windows Padikkam /
_c IT Lokam Content Syndicate
260 _bPoorna Pubs,
_aKozhikode:
_c2008.
300 _a127p
650 _aComputer
942 _cBK
_2ddc
_h005
_iSYN/D
_k005
_mSYN/D